| 000 | 00749cam a22001935a 4500 | ||
|---|---|---|---|
| 001 | L157241 | ||
| 008 | 121004m18361841xxk f 000 0 eng d | ||
| 035 | _a(Sirsi) u157241 | ||
| 041 | 0 | _aeng | |
| 110 | 2 |
_aUnited Kingdom _bParliament _bHouse of Commons _92119 |
|
| 245 | 0 | 0 |
_aReport of the Select Committee on metropolis improvements _bwith the minutes of evidence and appendix |
| 260 |
_a[London] _bOrdered, by the House of Commons, to be printed _c2 August 1836 |
||
| 300 |
_a1 v. _c34 cm. |
||
| 520 | _aVolume contains a number of reports bound together, togeter with manuscript notes. | ||
| 583 |
_aCondition reviewed _c20120620 _lcondition level 4 |
||
| 651 | 4 |
_aGreat Britain _y1707- |
|
| 690 |
_aPlanning and development _96259 |
||
| 942 | _n0 | ||
| 999 |
_c114668 _d114668 |
||